Statistiche per Canzoni di Battisti - Click quiz

Clicka qui per fare il quiz!

Statistiche generali

  • Questo quiz è stato fatto 32 volte
  • Il punteggio medio è 10 su 20

Statistiche sulle risposte

HintRisposta% Corretto
...da quando ci sei tu tutto questo non c'è piùAcqua azzurra, acqua chiara
95%
...lo scopriremo solo vivendoCon il nastro rosa
76%
Motocicletta 10 HPIl tempo di morire
67%
Come può uno scoglio arginare il mare?Io vorrei...non vorrei...ma se vuoi
62%
...ma non dovevamo vederci più?Ancora tu
57%
Innamorato, sempre di più...in fondo all'anima, per sempre tuUn'avventura
57%
...come sono fredde, tu tremi, no non sto sbagliando mi amiFiori rosa, fiori di pesco
52%
La veste dei fantasmi del passato cadendo lascia il quadro immacolatoIl mio canto libero
52%
...ed improvviso quel silenzio fra noi e quel tuo sguardo stranoLa canzone del sole
52%
...prendere a pugni un uomo solo perché è stato un po' scorteseEmozioni
48%
E' troppo grande la città per due che come noi...E penso a te
48%
...continuai a camminare lasciandoti attrice di ieriI giardini di marzo
48%
Un angelo caduto in volo, questo tu ora sei in tutti i sogni mieiMi ritorni in mente
48%
Felicità, ti ho perso ieri ed oggi ti ritrovo giàLa compagnia
43%
Che ne sai tu di un campo di grano poesia di un amore profanoPensieri e parole
43%
Ho dormito lì tra i capelli suoi, io insieme a lei ero un uomoAnna
38%
...con un ritmo fluente di vita nel cuoreSì, viaggiare!
29%
Un sorriso che non ha né più un volto né più un'etàLa collina dei ciliegi
24%
Un panino, una birra e poi...la tua bocca ancora da baciareVendo casa
24%
...ma come mai, tu qui stasera?Innocenti evasioni
19%

Distribuzione punteggi

Percentile per numero di risposta

Percentuale di utenti per punteggio

I tuoi punteggi nel tempo

Non hai fatto questo quiz